<?xml version="1.0" encoding="UTF-8"?>
<record
    xmlns:xsi="http://www.w3.org/2001/XMLSchema-instance"
    xsi:schemaLocation="http://www.loc.gov/MARC21/slim http://www.loc.gov/standards/marcxml/schema/MARC21slim.xsd"
    xmlns="http://www.loc.gov/MARC21/slim">

  <leader>02701cam a2200349 a 4500</leader>
  <controlfield tag="003">EG-GiCUC</controlfield>
  <controlfield tag="005">20250223031238.0</controlfield>
  <controlfield tag="008">150614s2014    ua h   f m    000 0 eng d</controlfield>
  <datafield tag="040" ind1=" " ind2=" ">
    <subfield code="a">EG-GiCUC</subfield>
    <subfield code="b">eng</subfield>
    <subfield code="c">EG-GiCUC</subfield>
  </datafield>
  <datafield tag="041" ind1="0" ind2=" ">
    <subfield code="a">eng</subfield>
  </datafield>
  <datafield tag="049" ind1=" " ind2=" ">
    <subfield code="a">Deposite </subfield>
  </datafield>
  <datafield tag="097" ind1=" " ind2=" ">
    <subfield code="a">Ph.D</subfield>
  </datafield>
  <datafield tag="099" ind1=" " ind2=" ">
    <subfield code="a">Cai01.11.15.Ph.D.2014.Ah.S</subfield>
  </datafield>
  <datafield tag="100" ind1="0" ind2=" ">
    <subfield code="a">Ahmed Farid Elshazly </subfield>
  </datafield>
  <datafield tag="245" ind1="1" ind2="2">
    <subfield code="a">A study of human papilloma virus (HPV) infection of the cervix in Egyptian females by cytology, histopathology, colposcopy and HPV genotyping / </subfield>
    <subfield code="c">Ahmed Farid Elshazly ; Supervised Mona Abdelbadeeh Nayel , Olfat Gamil Shaker , Hala Naguib Hosni </subfield>
  </datafield>
  <datafield tag="246" ind1="1" ind2="5">
    <subfield code="a"> &#x62F;&#x631;&#x627;&#x633;&#x629; &#x627;&#x644;&#x627;&#x635;&#x627;&#x628;&#x629; &#x628;&#x641;&#x64A;&#x631;&#x648;&#x633; &#x627;&#x644;&#x648;&#x631;&#x645; &#x627;&#x644;&#x62D;&#x644;&#x64A;&#x645;&#x649; &#x627;&#x644;&#x628;&#x634;&#x631;&#x649; &#x641;&#x649; &#x639;&#x646;&#x642; &#x627;&#x644;&#x631;&#x62D;&#x645; &#x644;&#x62F;&#x649; &#x627;&#x644;&#x633;&#x64A;&#x62F;&#x627;&#x62A; &#x627;&#x644;&#x645;&#x635;&#x631;&#x64A;&#x627;&#x62A; &#x639;&#x646; &#x637;&#x631;&#x64A;&#x642; &#x639;&#x644;&#x645; &#x627;&#x644;&#x62E;&#x644;&#x64A;&#x629; &#x648;&#x627;&#x644;&#x647;&#x64A;&#x633;&#x62A;&#x648;&#x628;&#x627;&#x62B;&#x648;&#x644;&#x648;&#x62C;&#x649; &#x648;&#x627;&#x644;&#x645;&#x646;&#x638;&#x627;&#x631; &#x627;&#x644;&#x645;&#x647;&#x628;&#x644;&#x649; &#x648;&#x627;&#x644;&#x646;&#x645;&#x637; &#x627;&#x644;&#x62C;&#x64A;&#x646;&#x649; &#x644;&#x641;&#x64A;&#x631;&#x648;&#x633; &#x627;&#x644;&#x648;&#x631;&#x645; &#x627;&#x644;&#x62D;&#x644;&#x64A;&#x645;&#x649; &#x627;&#x644;&#x628;&#x634;&#x631;&#x649;</subfield>
  </datafield>
  <datafield tag="260" ind1=" " ind2=" ">
    <subfield code="a">Cairo : </subfield>
    <subfield code="b">Ahmed Farid Elshazly , </subfield>
    <subfield code="c">2014</subfield>
  </datafield>
  <datafield tag="300" ind1=" " ind2=" ">
    <subfield code="a">165 Leaves : </subfield>
    <subfield code="b">facsimiles ; </subfield>
    <subfield code="c">25cm</subfield>
  </datafield>
  <datafield tag="502" ind1=" " ind2=" ">
    <subfield code="a">Thesis (Ph.D.) - Cairo University - Faculty of Medicine - Department of Gynecology and Obstetrics</subfield>
  </datafield>
  <datafield tag="520" ind1=" " ind2=" ">
    <subfield code="a">In this study the golden standard test for detection of HPV was considered PCR-ISH tissue. We found PCR-ISH tissue was positive in 16 cases (53.33%) and 14 cases (46.6%) were negative. The age of studied group ranged from (20-50) years with mean and standard deviation (SD) 32.77+7.99 while the duration of marriage in 29 cases (0.5-30) years, as one was divorced, with mean and SD 12.95+8.26.  Comparing the result of pap smear, histopathology, colposcopy and PCR swap in diagnosis of HPV with the golden standard test ISH PCR tissue, the sensitivity were  87.5%, 100%, 62.5% and 56,2% respectively  but the specificity were 78.6%, 42.9%, 28.6% and 100% respectively This study aimed to evaluate the different methods of diagnosis of cervical HPV infection in Egyptian females by cytology, histopathology, colposcopy and HPV genotyping.This study included 30 patient with either abnormal pap smears prior to colposcopic examination (10 cases) and abnormal T Z zone on colposcopic examination (20 cases).We considered Pap smear result suggestive of the presence of HPV infection when we found (ASUS, LSIL, HSIL, koliocytic atypia)</subfield>
  </datafield>
  <datafield tag="530" ind1=" " ind2=" ">
    <subfield code="a">Issued also as CD</subfield>
  </datafield>
  <datafield tag="653" ind1=" " ind2="4">
    <subfield code="a">Histopathology </subfield>
  </datafield>
  <datafield tag="653" ind1=" " ind2="4">
    <subfield code="a">HPV</subfield>
  </datafield>
  <datafield tag="653" ind1=" " ind2="4">
    <subfield code="a">PCR </subfield>
  </datafield>
  <datafield tag="700" ind1="0" ind2=" ">
    <subfield code="a">Hala Naguib Hosni  , </subfield>
    <subfield code="e">Supervisor</subfield>
  </datafield>
  <datafield tag="700" ind1="0" ind2=" ">
    <subfield code="a">Mona Abdelbadeeh Nayel , </subfield>
    <subfield code="e">Supervisor</subfield>
  </datafield>
  <datafield tag="700" ind1="0" ind2=" ">
    <subfield code="a">Olfat Gamil Shaker , </subfield>
    <subfield code="e">Supervisor</subfield>
  </datafield>
  <datafield tag="856" ind1=" " ind2=" ">
    <subfield code="u">http://172.23.153.220/th.pdf</subfield>
  </datafield>
  <datafield tag="905" ind1=" " ind2=" ">
    <subfield code="a">Aml</subfield>
    <subfield code="e">Cataloger</subfield>
  </datafield>
  <datafield tag="905" ind1=" " ind2=" ">
    <subfield code="a">Nazla</subfield>
    <subfield code="e">Revisor</subfield>
  </datafield>
  <datafield tag="942" ind1=" " ind2=" ">
    <subfield code="2">ddc</subfield>
    <subfield code="c">TH</subfield>
  </datafield>
  <datafield tag="999" ind1=" " ind2=" ">
    <subfield code="c">51306</subfield>
    <subfield code="d">51306</subfield>
  </datafield>
  <datafield tag="952" ind1=" " ind2=" ">
    <subfield code="2">ddc</subfield>
    <subfield code="7">0</subfield>
    <subfield code="a">CUCL</subfield>
    <subfield code="b">cl210</subfield>
    <subfield code="d">2024-02-11</subfield>
    <subfield code="o">Cai01.11.15.Ph.D.2014.Ah.S</subfield>
    <subfield code="p">01010110065799000</subfield>
    <subfield code="r">2023-09-22 00:00:00</subfield>
    <subfield code="y">TH</subfield>
  </datafield>
  <datafield tag="952" ind1=" " ind2=" ">
    <subfield code="2">ddc</subfield>
    <subfield code="7">0</subfield>
    <subfield code="a">CUCL</subfield>
    <subfield code="b">cl2u8</subfield>
    <subfield code="d">2024-02-11</subfield>
    <subfield code="o">Cai01.11.15.Ph.D.2014.Ah.S</subfield>
    <subfield code="p">01020110065799000</subfield>
    <subfield code="r">2023-09-22 00:00:00</subfield>
    <subfield code="t">65799.CD     </subfield>
    <subfield code="y">CD</subfield>
  </datafield>
</record>
